| 000 | 00749nam a22001577a 4500 | ||
|---|---|---|---|
| 003 | OSt | ||
| 005 | 20150918164644.0 | ||
| 008 | 150918b xxu||||| |||| 00| 0 eng d | ||
| 040 | _cRUA | ||
| 082 | _aAGR CHH 2006 BO33 Or.1 | ||
| 100 |
_9797 _aCHHUN, SOPHORN |
||
| 245 | _aWeed assessment on lowland paddy field in kandal kompong speu takeo and kompong chhnang province,(ការវាយតំលៃរុក្ខជាតិចង្រៃលើដំណៃស្រូវតំបន់វាលទំនាប ក្នុងខេត្តកណ្តាល គំពង់ស្ពឺ តាកែវ និងខេត្តកំពង់ចាម). | ||
| 260 |
_aphnom phen _bRUA _c2006 |
||
| 300 |
_aXIIIM47p. _bill. _c29cm. |
||
| 942 |
_2ddc _cAGR |
||
| 999 |
_c768 _d768 |
||